[Event "Transcontinental Printanier E"]
[Site "Montreal"]
[Date "2017.03.31"]
[Round "1"]
[White "Grand Maison, Real"]
[Black "Lauzon, Francois"]
[Result "0-1"]
[WhiteElo "1272"]
[BlackElo "1272"]
[EventDate "2017.03.31"]

1.d4 Nf6 2.c4 e6 3.Nc3 Bb4 4.f3 Nc6 5.a3 Bxc3+ 6.bxc3 O-O 7.e4 d6 8.Ne2 h6
9.Ng3 b6 10.Bd3 e5 11.Be3 a5 12.O-O Bd7 13.a4 exd4 14.cxd4 Nb4 15.Be2 Re8 
16.Qc1 Kh8 17.d5 c5 18.Ra3 Qc8 19.Bf4 Qc7 20.Bd2 Qd8 21.Bd1 Re5 22.Bf4 Qe7
23.Bxe5 Qxe5 24.f4 Qd4+ 25.Qe3 Re8 26.Qxd4 cxd4 27.Re1 d3 28.h3 Rc8 29.Bb3
Nc2 30.Bxc2 dxc2 31.Rc3 Bxa4 32.Rc1 b5 33.R1xc2 Bxc2 34.Rxc2 Rxc4 35.Re2 
b4 36.Ra2 Rc1+ 37.Kf2 b3 38.Rxa5 b2 39.Ra8+ Kh7 40.Rb8 b1=Q 41.Rxb1 Rxb1 
42.Ke3 Rb3+ 43.Kd4 Rxg3 44.e5 Nd7 45.e6 fxe6 46.dxe6 Nf6 47.e7 Rxg2 48.
e8=Q Nxe8 49.Kd5 Rh2 50.Ke6 Rxh3 51.Ke7 d5 52.Kxe8 d4 53.f5 d3 54.f6 gxf6 
55.Kf7 d2 56.Ke6 d1=Q 57.Kf7 Qd7+ 58.Kf8 Qg7+ 59.Ke8 Re3+ 60.Kd8 Ra3 61.
Kc8 Ra8# 0-1

[Event "Transcontinental Printanier E"]
[Site "Montreal"]
[Date "2017.04.01"]
[Round "2"]
[White "Lauzon, Francois"]
[Black "Dubois, Loraine"]
[Result "1-0"]
[WhiteElo "1272"]
[BlackElo "1194"]
[EventDate "2017.03.31"]

1.d4 d5 2.Bf4 c6 3.e3 Nf6 4.h3 b6 5.Nf3 Ba6 6.Nbd2 Bxf1 7.Nxf1 Nbd7 8.Ng3 
e6 9.Ne5 Rc8 10.O-O Nxe5 11.Bxe5 Bd6 12.Qd3 c5 13.Qb5+ Qd7 14.Qxd7+ Kxd7 
15.c4 dxc4 16.Rfd1 Bxe5 17.dxe5+ Nd5 18.e4 Kc6 19.exd5+ exd5 20.Nf5 Rce8 
21.f4 Rhg8 22.a4 a5 23.Ne3 Rd8 24.Rd2 Rd7 25.Re1 b5 26.axb5+ Kxb5 27.Nxd5 
Kc6 28.e6 Rxd5 29.Rxd5 Kxd5 30.exf7 Rf8 31.Re7 Kc6 32.Kf2 Kb5 33.Ke2 a4 
34.Kd2 Kb4 35.Kc2 c3 36.Rb7+ Kc4 37.bxc3 a3 38.Ra7 a2 39.Rxa2 Rxf7 40.Ra4+
Kb5 41.Re4 h6 42.g4 g6 43.f5 Ra7 44.f6 Ra2+ 45.Kb3 Rf2 46.c4+ Ka5 47.Re5 
Rf3+ 48.Kc2 Kb4 49.Rf5 Rxh3 50.f7 Rh2+ 51.Kd3 Rh3+ 52.Ke4 Rh1 53.f8=Q Re1+
54.Kd5 Rd1+ 55.Kc6 1-0

[Event "Transcontinental Printanier E"]
[Site "Montreal"]
[Date "2017.04.01"]
[Round "2"]
[White "Grand Maison, Real"]
[Black "Dimov, Petre"]
[Result "0-1"]
[WhiteElo "1272"]
[BlackElo "1231"]
[EventDate "2017.03.31"]

1.d4 d5 2.Nf3 Nc6 3.b3 Bg4 4.Bb2 Nf6 5.e3 a6 6.Be2 e6 7.Ne5 Nxe5 8.dxe5 
Bxe2 9.Qxe2 Ne4 10.O-O Be7 11.f3 Nc5 12.a4 Nd7 13.Nd2 c5 14.f4 f6 15.Qd3 
Qb6 16.Kh1 c4 17.Qc3 Bb4 18.Qd4 Bc5 19.Qc3 Bb4 20.Qd4 Bc5 21.Qc3 Bxe3 22.
b4 O-O 23.Rf3 d4 24.Qxc4 Rac8 25.Qd3 Qxb4 26.Bc1 Rc3 27.Qe2 Rfc8 28.h3 
Rxc2 29.Rxe3 dxe3 30.Nf3 Rxe2 31.Kh2 Qxf4+ 32.Kg1 Qg3 33.Nh4 Re1# 0-1

[Event "Transcontinental Printanier E"]
[Site "Montreal"]
[Date "2017.04.01"]
[Round "3"]
[White "Dubois, Loraine"]
[Black "Grand Maison, Real"]
[Result "1-0"]
[WhiteElo "1194"]
[BlackElo "1272"]
[EventDate "2017.03.31"]

1.d4 e6 2.c4 Nf6 3.Nc3 Be7 4.Bg5 d5 5.cxd5 Nxd5 6.Nxd5 Qxd5 7.Bxe7 Kxe7 8.
e3 Rd8 9.Nf3 b6 10.Bd3 c5 11.e4 Qh5 12.O-O cxd4 13.Rc1 Ba6 14.Rc7+ Kf8 15.
Re1 e5 16.Qb3 Bxd3 17.Qxd3 Nd7 18.Qa3+ Kg8 19.Rxa7 Rxa7 20.Qxa7 Qh6 21.Qc7
Qf6 22.Rc1 g6 23.Rc6 Qe7 24.Rxb6 Qe8 25.h3 Nxb6 26.Qxb6 f6 27.Qxf6 d3 28.
Qg5 h6 29.Qxh6 d2 30.Nxd2 Qd7 31.Qxg6+ Kh8 32.Qf6+ Kg8 33.Nf3 Qd1+ 34.Kh2 
Rf8 35.Qg5+ Kh7 36.Qh5+ Kg8 37.Qg4+ Kh8 38.h4 Qf1 39.Qg3 Rg8 40.Qxe5+ Kh7 
41.Ng5+ Rxg5 42.Qxg5 Qxf2 43.Qf5+ Qxf5 44.exf5 Kg7 45.g4 Kf6 46.Kg3 Kg7 
47.b4 Kf6 48.b5 Ke7 49.b6 Kd6 50.h5 Kc6 51.h6 Kxb6 52.h7 Kc5 53.h8=Q Kd6 
54.g5 Kd5 55.g6 Kd6 56.g7 Kd5 57.g8=Q+ Kc5 58.Qd8 Kc6 59.Qh7 Kc5 60.Qhc7+ 
Kb5 61.Qdb8+ Ka4 62.Qca7# 1-0

[Event "Transcontinental Printanier E"]
[Site "Montreal"]
[Date "2017.04.01"]
[Round "3"]
[White "Dimov, Petre"]
[Black "Lauzon, Francois"]
[Result "1-0"]
[WhiteElo "1231"]
[BlackElo "1272"]
[EventDate "2017.03.31"]

1.e4 c5 2.c3 d5 3.exd5 Qxd5 4.Nf3 e5 5.Na3 Qe4+ 6.Be2 Bd7 7.O-O Nc6 8.Re1 
Be7 9.Ba6 Qf5 10.Bxb7 Rb8 11.Bxc6 Bxc6 12.Nxe5 Rc8 13.d4 Nf6 14.Nxc6 Rxc6 
15.Qa4 Qd7 16.Nc4 Re6 17.Qxd7+ Nxd7 18.Ne5 cxd4 19.cxd4 Nxe5 20.Rxe5 Bf6 
21.Rxe6+ fxe6 22.Be3 Kd7 23.Rd1 Rb8 24.b3 a6 25.f4 g6 26.d5 Rb4 27.dxe6+ 
Kxe6 28.g3 h5 29.Bc5 Rb7 30.Rd6+ Kf5 31.Rxa6 Rd7 32.b4 Rd1+ 33.Kg2 g5 34.
Be3 Re1 35.Kf2 Rh1 36.Kg2 Re1 37.fxg5 Bxg5 38.Ra5+ Ke4 39.Bxg5 Re2+ 40.Kh3
Rb2 41.b5 Kf3 42.a4 Kf2 43.Kh4 Kg1 44.h3 Kg2 45.Kxh5 Kxg3 46.h4 Re2 47.b6 
Re8 48.Ra7 Rh8+ 49.Kg6 Kg4 50.a5 Rc8 51.b7 Rg8+ 52.Kh7 Rb8 53.a6 Kh5 54.
Ra8 1-0

[Event "Transcontinental Printanier E"]
[Site "Montreal"]
[Date "2017.04.02"]
[Round "4"]
[White "Dubois, Loraine"]
[Black "Lauzon, Francois"]
[Result "1-0"]
[WhiteElo "1194"]
[BlackElo "1272"]
[EventDate "2017.03.31"]

1.d4 Nf6 2.c4 e6 3.Nc3 Bb4 4.e3 O-O 5.Ne2 b6 6.a3 Be7 7.Ng3 Bb7 8.e4 d5 9.
e5 Ne4 10.Ncxe4 dxe4 11.Be3 f5 12.exf6 Bxf6 13.Be2 c5 14.dxc5 Bxb2 15.Qxd8
Rxd8 16.Ra2 Bd4 17.cxb6 axb6 18.Bg5 Rf8 19.Be3 Bxe3 20.fxe3 Nd7 21.Rf1 Nc5
22.Rxf8+ Kxf8 23.Bd1 Ra4 24.Bxa4 Nxa4 25.Rd2 Ke7 26.Nh5 g6 27.Nf4 Kf6 28.
Rd7 Ba6 29.Ra7 Nc5 30.Rxh7 Bxc4 31.Rh6 Nd3+ 32.Kd2 Nxf4 33.exf4 Kf5 34.Ke3
b5 35.Rh8 Bd5 36.h3 Kf6 37.Rb8 Bc6 38.Rb6 Bd5 39.Rxb5 g5 40.g3 Bc6 41.Rb1 
Kf5 42.fxg5 Kxg5 43.Ra1 Kf5 44.a4 Bb7 45.a5 Ba6 46.h4 Kg4 47.Kxe4 Kh5 48.
Ke5 1-0

[Event "Transcontinental Printanier E"]
[Site "Montreal"]
[Date "2017.04.02"]
[Round "4"]
[White "Dimov, Petre"]
[Black "Grand Maison, Real"]
[Result "0-1"]
[WhiteElo "1231"]
[BlackElo "1272"]
[EventDate "2017.03.31"]

1.e4 e6 2.Bc4 Nc6 3.a3 d5 4.Ba2 Bc5 5.e5 Qh4 6.g3 Qe4+ 7.Qe2 Qxh1 8.Qf1 
Nge7 9.b4 Bd4 10.c3 Bxe5 11.d4 Bf6 12.Be3 a6 13.Nd2 Qxh2 14.O-O-O Nf5 15.
Bf4 Ncxd4 16.cxd4 Nxd4 17.Nh3 e5 18.Bxd5 Qxh3 19.Qc4 Be6 20.Be3 Bxd5 21.
Qxd5 Qe6 22.Qxb7 O-O 23.Ne4 Qc4+ 24.Kd2 0-1

[Event "Transcontinental Printanier E"]
[Site "Montreal"]
[Date "2017.04.02"]
[Round "5"]
[White "Lauzon, Francois"]
[Black "Dimov, Petre"]
[Result "1/2-1/2"]
[WhiteElo "1272"]
[BlackElo "1231"]
[EventDate "2017.03.31"]

1.Nf3 c5 2.c4 a6 3.g3 Nc6 4.Bg2 e6 5.O-O b5 6.b3 Bb7 7.Bb2 Nf6 8.Re1 Be7 
9.e4 d6 10.e5 dxe5 11.Nxe5 Rc8 12.Nxc6 Bxc6 13.Bxc6+ Rxc6 14.cxb5 axb5 15.
a4 b4 16.a5 Ra6 17.d3 O-O 18.Qf3 Rxa5 19.Nd2 Rxa1 20.Bxa1 Nd5 21.Ne4 f5 
22.Nd2 Bf6 23.Bxf6 Qxf6 24.Nc4 Ra8 25.Ne5 Ra2 26.Nd7 Qh6 27.Nxc5 Qd2 28.
Rxe6 Qc1+ 29.Kg2 Qxc5 30.Kh3 Rxf2 31.Qh5 g6 32.Qg5 Nf4+ 33.gxf4 Rf3+ 34.
Kh4 Qf2+ 35.Qg3 Rxf4+ 36.Kg5 Rg4+ 37.Kf6 Qd4+ 38.Qe5 Qd8+ 39.Re7 Qf8+ 40.
Ke6 Qc8+ 41.Kf6 Qf8+ 1/2-1/2

[Event "Transcontinental Printanier E"]
[Site "Montreal"]
[Date "2017.04.02"]
[Round "5"]
[White "Grand Maison, Real"]
[Black "Dubois, Loraine"]
[Result "1/2-1/2"]
[WhiteElo "1272"]
[BlackElo "1194"]
[EventDate "2017.03.31"]

1.e4 c6 2.Nc3 d5 3.exd5 cxd5 4.d4 Nf6 5.Nf3 Bg4 6.Be2 e6 7.Be3 Nbd7 8.Qd2 
Be7 9.h3 Bxf3 10.gxf3 Qb6 11.Na4 Qb4 12.Qxb4 Bxb4+ 13.c3 Bd6 14.b4 O-O 15.
a3 Rfe8 16.Kd2 Rac8 17.Rac1 e5 18.Nc5 exd4 19.cxd4 Rc7 20.Bb5 Re7 21.Rhg1 
Nf8 22.Bd3 Ng6 23.Nb3 Nf4 24.Rxc7 Rxc7 25.Bf1 Ng6 26.Be2 Nf4 27.Bf1 
1/2-1/2

[Event "Transcontinental Printanier F"]
[Site "Montreal"]
[Date "2017.03.31"]
[Round "1"]
[White "Yan, Alex Jikai"]
[Black "Brunelle, Raymond"]
[Result "0-1"]
[WhiteElo "1104"]
[BlackElo "1078"]
[EventDate "2017.03.31"]

1.d4 d5 2.c4 e6 3.Nc3 Nf6 4.Bf4 Be7 5.Nf3 Nc6 6.cxd5 exd5 7.a3 O-O 8.Nb5 
Bd6 9.Nxd6 cxd6 10.e3 a6 11.Bd3 Re8 12.O-O h6 13.h3 Ne4 14.Nd2 Bf5 15.Nb1 
Ne7 16.f3 Nf6 17.Re1 Qd7 18.e4 Ng6 19.exf5 Nxf4 20.Nc3 Rxe1+ 21.Qxe1 Nxd3 
22.Qd2 Ne5 23.dxe5 dxe5 24.Rd1 d4 25.Ne4 Qxf5 26.Nd6 Qd7 27.Qb4 Rb8 28.Nc4
Qd5 29.Nb6 Qc6 30.Nc4 Nd7 31.f4 f6 32.Qd6 Rc8 33.Qxc6 Rxc6 34.Na5 Rc7 35.
Rd2 b6 36.Nb3 Nc5 37.Rc2 Kf7 38.f5 Ke7 39.Nd2 Kd6 40.Kf1 Rc6 41.b4 Na4 42.
Ne4+ Kd5 43.Rxc6 Kxc6 44.Ke2 Kd5 45.Kf3 Nc3 46.Nxc3+ dxc3 47.Ke2 Kd4 48.g3
e4 49.a4 a5 50.bxa5 bxa5 51.g4 Kc4 52.Ke3 c2 53.Kd2 Kb3 54.Kc1 e3 55.g5 
hxg5 56.h4 e2 57.Kd2 gxh4 58.Kxe2 c1=Q 59.Kf2 Qf4+ 60.Ke2 Qg3 61.Kd2 h3 
62.Ke2 h2 63.Kd2 h1=Q 64.Ke2 Qhh2+ 0-1

[Event "Transcontinental Printanier F"]
[Site "Montreal"]
[Date "2017.04.01"]
[Round "2"]
[White "Aubut, Jean-Philippe"]
[Black "Yan, Alex Jikai"]
[Result "1/2-1/2"]
[WhiteElo "1185"]
[BlackElo "1104"]
[EventDate "2017.03.31"]

1.e4 c5 2.Nf3 Nc6 3.Bc4 e6 4.O-O Be7 5.Nc3 Nf6 6.d3 O-O 7.Bf4 d5 8.Bb3 d4 
9.Ne2 Nh5 10.Bd2 e5 11.h3 Nf6 12.Ba4 Bd6 13.Bxc6 bxc6 14.c4 h6 15.Qe1 a5 
16.a3 Bd7 17.a4 Bc7 18.b3 Nh7 19.h4 f6 20.g3 Bh3 21.Nh2 Bxf1 22.Qxf1 Qd7 
23.g4 g5 24.h5 Rfb8 25.Rb1 Nf8 26.Ng3 Kh7 27.Qe2 Ne6 28.Qf3 Nf4 29.Bxf4 
gxf4 30.Nf5 Rg8 31.Qh3 Raf8 32.f3 1/2-1/2

[Event "Transcontinental Printanier F"]
[Site "Montreal"]
[Date "2017.04.01"]
[Round "3"]
[White "Brunelle, Raymond"]
[Black "Aubut, Jean-Philippe"]
[Result "1-0"]
[WhiteElo "1078"]
[BlackElo "1185"]
[EventDate "2017.03.31"]

1.e4 e5 2.Nf3 Nc6 3.Bb5 d6 4.c3 Bd7 5.d4 exd4 6.cxd4 a6 7.Bc4 Qe7 8.Nc3 
O-O-O 9.O-O h6 10.Re1 Nf6 11.a3 Bg4 12.Nd5 Bxf3 13.Nxe7+ Nxe7 14.Qxf3 Nc6 
15.Qd1 g5 16.Bxf7 Rh7 17.Be6+ Kb8 18.b4 b5 19.Bb2 Na7 20.Qf3 Be7 21.d5 Rf8
22.Qe3 Nh5 23.Bd4 Nc8 24.Bxc8 Rxc8 25.e5 dxe5 26.Bxe5 Bf6 27.Rac1 Bxe5 28.
Qxe5 Nf4 29.Qe4 Rd7 30.Red1 Rd6 31.g3 Nh5 32.Rc6 Rcd8 33.Rxd6 Rxd6 34.Qe8+
Kb7 35.Qxh5 Kb6 36.Qf7 c6 37.f4 gxf4 38.Qxf4 Kc7 39.Qf3 cxd5 40.Rxd5 Rc6 
41.Qe3 Kc8 42.Qe8+ Kc7 43.Qd8+ 1-0

[Event "Transcontinental Printanier F"]
[Site "Montreal"]
[Date "2017.04.02"]
[Round "4"]
[White "Yan, Alex Jikai"]
[Black "Aubut, Jean-Philippe"]
[Result "1-0"]
[WhiteElo "1104"]
[BlackElo "1185"]
[EventDate "2017.03.31"]

1.d4 Nf6 2.c4 g6 3.Nc3 Bg7 4.Nf3 d6 5.Bf4 O-O 6.e4 Bg4 7.Be2 Bxf3 8.Bxf3 
Nfd7 9.O-O e5 10.dxe5 dxe5 11.Be3 Nc6 12.Bg4 Nf6 13.Bh3 Qxd1 14.Raxd1 Rad8
15.Bc5 Rxd1 16.Rxd1 Re8 17.f3 b6 18.Be3 Rd8 19.Rxd8+ Nxd8 20.Nb5 c5 21.
Nxa7 Nb7 22.Nc8 Ne8 23.Nxb6 Ned6 24.b3 f5 25.exf5 gxf5 26.Nd7 Kf7 27.Nxc5 
Nxc5 28.Bxc5 Bf8 29.Bxd6 Bxd6 30.Bxf5 Kf6 31.Bxh7 Kg5 32.g3 Bc5+ 33.Kg2 
Bd6 34.h4+ Kh6 35.Bd3 Be7 36.a4 Bb4 37.g4 Kg7 38.g5 Kf7 39.Kh3 Ke6 1-0

[Event "Transcontinental Printanier F"]
[Site "Montreal"]
[Date "2017.03.05"]
[Round "5"]
[White "Aubut, Jean-Philippe"]
[Black "Brunelle, Raymond"]
[Result "0-1"]
[WhiteElo "1185"]
[BlackElo "1178"]
[EventDate "2017.03.31"]

1.e4 e5 2.Nf3 Nc6 3.Bc4 Bc5 4.O-O Nf6 5.Nc3 a6 6.d3 O-O 7.Bg5 Re8 8.Bxf6 
Qxf6 9.Nd5 Qd8 10.c3 Na5 11.b4 Nxc4 12.dxc4 Bf8 13.Qd2 c5 14.a4 d6 15.h3 
Bd7 16.a5 Rb8 17.Rfb1 h6 18.b5 Be6 19.b6 Bxd5 20.Qxd5 Qd7 21.g4 h5 22.Nh2 
Re6 23.f3 hxg4 24.Nxg4 Qe7 25.Qd2 Rg6 26.Kh2 Qh4 27.Rg1 Be7 28.Qg2 Rf8 29.
Rae1 Bg5 30.Rd1 f5 31.exf5 Rxf5 32.Kh1 Be7 33.Kh2 Rf4 34.Qg3 Qh5 35.Qf2 e4
36.Rd5 Rg5 37.Rxg5 Bxg5 0-1